LEADER 01259nas 2200397 450 001 990003121630203316 005 20080626095836.0 011 $a1830-205X 035 $a000312163 035 $aUSA01000312163 035 $a(ALEPH)000312163USA01 035 $a000312163 100 $a20080625d2005----km-y0itaa50------ba 101 0 $aita 102 $aLU 110 $aafyzz--0zz0 200 1 $aSynergy$ethe IDABC quarterly$fEuropean Commission, Enterprise and industry directorate-general 207 $a1(2005)- 210 $aLuxembourg$cOffice for official publications of the European Communities$d2005- 215 $av.$d30 cm 326 $aTrimestrale 606 0 $aCarta d'identità elettronica 676 $a346.012 699 $a19.03$bReti d'informazione 712 02$aCOMMISSIONE EUROPEA :$bDirezione generale Imprese e industria 801 0$aIT$bsalbc$gISBD 856 4$uhttp://ec.europa.eu/idabc/en/chapter/5584$4.$zAccesso on line 912 $a990003121630203316 958 $aCDE$bCDE / SYN$c(2005)- 959 $aSE 969 $aCDE 979 $aMARIAS$b90$c20080625$lUSA01$h1211 979 $aMARIAS$b90$c20080625$lUSA01$h1417 979 $aMARIAS$b90$c20080626$lUSA01$h0958 996 $aSynergy$91020152 997 $aUNISA LEADER 00943nam0-2200325---450- 001 990004365970403321 005 20120711101632.0 010 $a88-430-1969-4 035 $a000436597 035 $aFED01000436597 035 $a(Aleph)000436597FED01 035 $a000436597 100 $a19990604d2001----km-y0itay50------ba 101 0 $aita 102 $aIT 105 $a--------001yy 200 1 $a<>letteratura della Svizzera tedesca$fFrancesco Fiorentino 210 $aRoma$cCarocci$d2001 215 $a142 p.$d22 cm 225 1 $aUniversità$v332$iLingue e letterature straniere 610 0 $aLetteratura tedesca$aAutori svizzeri 676 $a830.99494 700 1$aFiorentino,$bFrancesco$f<1963- >$0327166 801 0$aIT$bUNINA$gRICA$2UNIMARC 901 $aBK 912 $a990004365970403321 952 $a830.99494 FIO 1$fFLFBC 959 $aFLFBC 996 $aLetteratura della Svizzera tedesca$9541249 997 $aUNINA LEADER 01190nam0-22004091i-450- 001 990007228620403321 005 20100604104417.0 035 $a000722862 035 $aFED01000722862 035 $a(Aleph)000722862FED01 035 $a000722862 100 $a20021021d1977----km-y0itay50------ba 101 0 $aita 102 $aIT 105 $ay-------001yy 200 1 $aDiritti fondamentali dell'uomo$erelazioni del 27. convegno nazionale di studio$eRoma, 6-8 dicembre 1976$fUnione giuristi cattolici italiani 210 $aMilano$cGiuffrè$d1977 215 $a123 p.$d24 cm 225 1 $aQuaderni di Iustitia$v27 676 $a342$v11 rid.$zita 676 $a346.01 710 02$aUGCI$9$0113395 801 0$aIT$bUNINA$gRICA$2UNIMARC 901 $aBK 912 $a990007228620403321 952 $aD-X-6$b2098 lav.$fDDRC 952 $aE-26$b668$fDDRC 952 $a19-C-135$b4552$fDDCP 952 $aVI L 462$b3433$fDDA 952 $aVI H 196$b2869$fDDA 952 $aTT 76$bs.i.$fDDCIC 959 $aDDCP 959 $aDDRC 959 $aDDA 959 $aDDCIC 996 $aDiritti fondamentali dell'uomo$9687723 997 $aUNINA LEADER 01190cam0-22004211i-450 001 990006768000403321 005 20200618092609.0 035 $a000676800 035 $aFED01000676800 035 $a(Aleph)000676800FED01 035 $a000676800 100 $a20010426d1991----km-y0itay50------ba 101 0 $aita 102 $aIT 105 $ay-------001yy 200 1 $a<>delitto come impresa$estoria sociale della mafia$fRaimondo Catanzaro 210 $aMilano$cRizzoli$d1991 215 $aXIV, 274 p.$d20 cm 225 1 $aBiblioteca universale Rizzoli$iSupersaggi$v56 610 0 $aOrganizzazioni criminali$aMafia 676 $a364.1$v19$zita 676 $a364.106$v22$zita 700 1$aCatanzaro,$bRaimondo$f<1942- >$0108671 801 0$aIT$bUNINA$gREICAT$2UNIMARC 901 $aBK 912 $a990006768000403321 952 $aCOLLEZ. 120 (56)$b20201$fFSPBC 952 $aXI G C 55$b939$fDFD 952 $aN05.161$b2009$fDECTS 952 $a20160 cat$b11320$fSES 952 $a364.106 CAT 2$b7010$fbfs 959 $aBFS 959 $aFSPBC 959 $aDFD 959 $aDECTS 959 $aSES 996 $aDelitto come impresa$9631048 997 $aUNINA LEADER 01424nam 2200385 n 450 001 996393437303316 005 20200824121823.0 035 $a(CKB)4940000000114414 035 $a(EEBO)2240936751 035 $a(UnM)ocm99894225e 035 $a(UnM)99894225 035 $a(EXLCZ)994940000000114414 100 $a19960412f16941714 uy 101 0 $aeng 135 $aurbn||||a|bb| 200 03$aAn answer to a paper entituled, Reasons against reducing interest to four per cent$b[electronic resource] 210 $a[London?$cs.n.$dbetween 1694 and 1714?] 215 $a2 p 300 $aA reply to 'Reasons humbly offered against reducing the interest of money to four pounds per centum per annum'. 300 $aDated 1714? by ESTC; 1694? by Wing. 300 $aReproduction of original in the British Library. 330 $aeebo-0018 606 $aInterest rates$vEarly works to 1800 606 $aMoney$zEngland$xHistory$vEarly works to 1800 607 $aGreat Britain$xHistory$yWilliam and Mary, 1689-1702$vEarly works to 1800 607 $aGreat Britain$xHistory$yAnne, 1702-1714$vEarly works to 1800 615 0$aInterest rates 615 0$aMoney$xHistory 801 0$bUk-ES 801 1$bUk-ES 801 2$bCu-RivES 906 $aBOOK 912 $a996393437303316 996 $aAn answer to a paper entituled, Reasons against reducing interest to four per cent$92386817 997 $aUNISA LEADER 01091nam 2200373 450 001 9910131611503321 005 20240208065801.0 010 $a1-55442-733-9 024 7 $a10.1522/cla.gil.ant 035 $a(CKB)3680000000168246 035 $a(NjHacI)993680000000168246 035 $a(EXLCZ)993680000000168246 100 $a20240208d2005 uy 0 101 0 $afre 135 $aur||||||||||| 181 $ctxt$2rdacontent 182 $cc$2rdamedia 183 $acr$2rdacarrier 200 10$aAntise?mitisme $el'intole?rable chantage /$fLouis Gill 210 1$aChicoutimi :$cJ.-M. Tremblay,$d2005. 215 $a1 online resource 225 1 $aClassiques des sciences sociales 410 0$aClassiques des sciences sociales. 517 $aAntisémitisme 607 $aQue?bec (Province)$xPolitics and government 607 $aQue?bec (Province)$xHistory 676 $a320.971404 700 $aGill$b Louis$0856482 801 0$bNjHacI 801 1$bNjHacl 906 $aBOOK 912 $a9910131611503321 996 $aAntise?mitisme$93909520 997 $aUNINA